| 000 | 00499cam a22001812 4500 | ||
|---|---|---|---|
| 001 | 0000008868 | ||
| 005 | 20151217160118.0 | ||
| 008 | 080612s xx 000 0 eng d | ||
| 020 |
_a0521668921 : _cKES 170 |
||
| 040 |
_aKABU _cKABU |
||
| 100 | 1 |
_aLema, Elieshi. _@0000159635 |
|
| 245 | 1 | 0 |
_aNyamanza ndege wa amani / _cElieshi Lema. |
| 260 |
_aCambridge : _bC. U. P., _c1999. |
||
| 300 | _a16 p. | ||
| 908 | _a080612 | ||
| 950 | _@1 | ||
| 999 |
_c14443 _d14443 |
||